La oposición a las políticas climáticas como estrategia electoral (notice n° 1718282)

détails MARC
000 -LEADER
fixed length control field 01367cam a2200157 4500500
005 - DATE AND TIME OF LATEST TRANSACTION
control field 20260322001833.0
041 ## - LANGUAGE CODE
Language code of text/sound track or separate title fre
042 ## - AUTHENTICATION CODE
Authentication code dc
100 10 - MAIN ENTRY--PERSONAL NAME
Personal name Jan, Malo
Relator term author
245 00 - TITLE STATEMENT
Title La oposición a las políticas climáticas como estrategia electoral
260 ## - PUBLICATION, DISTRIBUTION, ETC.
Date of publication, distribution, etc. 2026.<br/>
500 ## - GENERAL NOTE
General note 25
520 ## - SUMMARY, ETC.
Summary, etc. Este artículo analiza la reciente conflictualización de la competencia partidista en materia de ecología, que hasta ahora se había caracterizado principalmente por un tratamiento consensuado de estas cuestiones. Sostiene que la oposición a la ecología es el resultado de la combinación de una mayor saliencia de las cuestiones climáticas y de la transformación de las políticas públicas, cuyos costos económicos se perciben como más elevados. Aunque inicialmente la incitación a la oposición era escasa, estos cambios ofrecieron a los partidos la oportunidad de movilizar a los grupos considerados perdedores de la transición ecológica. Esta hipótesis se comprueba a partir del análisis de la saliencia y las posiciones de los partidos franceses sobre la ecología en sus programas y en las redes sociales.
786 0# - DATA SOURCE ENTRY
Note Revue française de science politique | 75 | 3 | 2026-02-05 | p. 459-490 | 0035-2950
856 41 - ELECTRONIC LOCATION AND ACCESS
Uniform Resource Identifier <a href="https://shs.cairn.info/revista-revue-francaise-de-science-politique-2025-3-page-459?lang=es&redirect-ssocas=7080">https://shs.cairn.info/revista-revue-francaise-de-science-politique-2025-3-page-459?lang=es&redirect-ssocas=7080</a>

Pas d'exemplaire disponible.

PLUDOC

PLUDOC est la plateforme unique et centralisée de gestion des bibliothèques physiques et numériques de Guinée administré par le CEDUST. Elle est la plus grande base de données de ressources documentaires pour les Étudiants, Enseignants chercheurs et Chercheurs de Guinée.

Adresse

627 919 101/664 919 101

25 boulevard du commerce
Kaloum, Conakry, Guinée

Réseaux sociaux

Powered by Netsen Group @ 2025